Formation of contract : (Record no. 1569)

MARC details
000 -LEADER
fixed length control field 01411cam a2200385 a 4500
001 - CONTROL NUMBER
control field data
005 - DATE AND TIME OF LATEST TRANSACTION
control field 20260322212106.0
008 - FIXED-LENGTH DATA ELEMENTS--GENERAL INFORMATION
fixed length control field data
035 ## - SYSTEM CONTROL NUMBER
System control number 3468844
010 ## - LIBRARY OF CONGRESS CONTROL NUMBER
LC control number 93019096
020 ## - INTERNATIONAL STANDARD BOOK NUMBER
International Standard Book Number 1853332631
020 ## - INTERNATIONAL STANDARD BOOK NUMBER
International Standard Book Number 9781853332630
035 ## - SYSTEM CONTROL NUMBER
-- (DLC) 93019096
040 ## - CATALOGING SOURCE
Original cataloging agency DLC
Transcribing agency DLC
Modifying agency DLC
043 ## - GEOGRAPHIC AREA CODE
Geographic area code a-ir---
-- e-fr---
-- a-ir---
050 00 - LIBRARY OF CONGRESS CALL NUMBER
Classification number K843
Item number .O97 1994
082 00 - DEWEY DECIMAL CLASSIFICATION NUMBER
Classification number 342.62
-- 342.62
Edition information 20
100 1# - MAIN ENTRY--PERSONAL NAME
Personal name Owsia, Parviz,
Dates associated with a name 1932-
245 10 - TITLE STATEMENT
Title Formation of contract :
Remainder of title a comparative study under English, French, Islamic, and Iranian law /
Statement of responsibility, etc. Parviz Owsia.
260 ## - PUBLICATION, DISTRIBUTION, ETC.
Place of publication, distribution, etc. Norwell, MA :
-- Boston :
Name of publisher, distributor, etc. Kluwer Academic Publishers Group,
Place of publication, distribution, etc. Norwell, MA :
Name of publisher, distributor, etc. Kluwer Academic Publishers Group,
Date of publication, distribution, etc. c1994.
300 ## - PHYSICAL DESCRIPTION
Extent lix, 621 p. ;
Dimensions 25 cm.
336 ## - CONTENT TYPE
Content type term text
Content type code txt
Source rdacontent
337 ## - MEDIA TYPE
Media type term unmediated
Media type code n
Source rdamedia
338 ## - CARRIER TYPE
Carrier type term volume
Carrier type code nc
Source rdacarrier
504 ## - BIBLIOGRAPHY, ETC. NOTE
Bibliography, etc. note Includes bibliographical references (p. xxxix-xlvii) and index.
650 #0 - SUBJECT ADDED ENTRY--TOPICAL TERM
Topical term or geographic name entry element Contracts.
650 #0 - SUBJECT ADDED ENTRY--TOPICAL TERM
Topical term or geographic name entry element Contracts
Geographic subdivision Great Britain.
650 #0 - SUBJECT ADDED ENTRY--TOPICAL TERM
Topical term or geographic name entry element Contracts
Geographic subdivision France.
650 #0 - SUBJECT ADDED ENTRY--TOPICAL TERM
Topical term or geographic name entry element Contracts
Geographic subdivision Iran.
650 #0 - SUBJECT ADDED ENTRY--TOPICAL TERM
Topical term or geographic name entry element Contracts (Islamic law)
906 ## - LOCAL DATA ELEMENT F, LDF (RLIN)
a 7
b cbc
c orignew
d 1
e ocip
f 19
g y-gencatlg
991 ## -
-- c-LL
-- K843
-- .O97 1994
-- Copy 1
-- BOOKS
Holdings
Withdrawn status Lost status Damaged status Not for loan Home library Current library Shelving location Date acquired Total checkouts Full call number Barcode Date last seen Price effective from Koha item type
        Liberty Liberty General stacks 22/03/2026   346/.02 LOC-LPL-00032 22/03/2026 22/03/2026 Books